000 01170nam a2200325Ia 4500
005 20240809155508.0
008 121119s2003 sp a gr 000 j spa
020 _a8424619730
040 _aCO-BoRNBP
_bspa
_erda
_cCO-BoRNBP
041 0 _aspa
084 _aC BOF1
100 1 _aGrimm, Jacobo y Wilhem
_d1785-1863
_eautores
_942090
245 1 0 _aRapunzel
_c J. y W. Grimm; adaptación, Francesc Bofill; ilustraciones de Joma
250 _aSegunda impresión
_bmayo de 2003
264 1 _aBarcelona
_bLa Galera
_c2003
300 _a32 páginas
_bilustraciones a color
_calto 22cm ancho 22cm
336 _atexto
_btxt
_2rdacontent
337 _asin mediación
_bn
_2rdamedia
338 _avolumen
_bnc
_2rdacarrier
490 0 _aPopular
650 1 4 _2LEMB
_aCuentos infantiles alemanes
_ySiglo XVIII
_942091
650 1 4 _2LEMB
_aLiteratura infantil alemana
_ySiglo XVIII
_942092
650 1 4 _2LEMB
_aPríncipes
_vCuentos
_942093
650 1 4 _2LEMB
_aBrujas
_vCuentos
_942094
650 1 4 _2LEMB
_aFantansía
_vCuentos
_942095
700 1 _aGrimm, Wilhelm Karl
_d1786-1859
_942096
700 1 _aBofill, Francesc
_942097
700 1 _aJoma
_eilustrador
_942098
942 _2loc
_cBKLIT
999 _c205
_d205